Entrepreneurship development in India / (Record no. 138669)
[ view plain ]
| 000 -LEADER | |
|---|---|
| fixed length control field | 00610nam a22001937a 4500 |
| 005 - DATE AND TIME OF LATEST TRANSACTION | |
| control field | 20170405170911.0 |
| 010 ## - LCCN (DPL NO) | |
| LC control number | ENG-117636 |
| 020 ## - INTERNATIONAL STANDARD BOOK NUMBER | |
| International Standard Book Number | 9788179105153 |
| Terms of availability | 900.00 |
| 035 ## - SYSTEM CONTROL NUMBER | |
| System control number | EN-101168 |
| 037 ## - SOURCE OF ACQUISITION | |
| Source of stock number/acquisition | DABD/PUB |
| 082 ## - DEWEY DECIMAL CLASSIFICATION NUMBER | |
| Classification number | 338.040954 |
| 100 ## - MAIN ENTRY--PERSONAL NAME | |
| Personal name | Sushil Kumar |
| 245 ## - TITLE STATEMENT | |
| Title | Entrepreneurship development in India / |
| Remainder of title | by Sushil Kumar |
| 260 ## - PUBLICATION, DISTRIBUTION, ETC. (IMPRINT) | |
| Place of publication, distribution, etc | Jaipur |
| Name of publisher, distributor, etc | Aavishar Publishars, Distributors |
| Date of publication, distribution, etc | 2016 |
| 270 ## - ADDRESS | |
| Address | 807,Vyas Building, Chaura Rasta |
| City | Jaipur |
| Postal code | 302003 |
| 300 ## - PHYSICAL DESCRIPTION | |
| Extent | xii,202p. |
| Dimensions | 22cm(Hb) |
| 500 ## - GENERAL NOTE | |
| General note | Includes bibliographical references |
| 942 ## - ADDED ENTRY ELEMENTS (KOHA) | |
| Source of classification or shelving scheme | Dewey Decimal Classification |
| Item type | English Books |
| Classification part | 338.040954 |
| Call number suffix | SUS |
| Withdrawn status | Lost status | Not for loan | Collection code | Home library | Current library | Date acquired | Source of acquisition | Cost, normal purchase price | Full call number | Barcode | Copy number | Cost, replacement price | Koha item type |
|---|---|---|---|---|---|---|---|---|---|---|---|---|---|
| Not For Loan | Non-fiction | D.B.Act.Division | D.B.Act.Division | 05/04/2017 | DBAD/PUB | 900.00 | 338.040954 SUS | EN-101168 | 1 | 900.00 | English Books |
